| 000 | 00682nam a2200217 a 4500 | ||
|---|---|---|---|
| 005 | 20220615063457.0 | ||
| 008 | 030811s2000 mx r 000 0 spa d | ||
| 020 | _a9686454888 | ||
| 035 | _aUPN01000127775 | ||
| 049 | _aCG | ||
| 050 | 4 |
_aPQ2063 S3 _bA6.9 2000 |
|
| 100 | 1 |
_aSade, _cmarqués de, _d1740-1814 |
|
| 245 | 1 | 0 |
_aJustine : _bo las desventuras de la virtud / _cD. A .F. de Sade ; tr. María Antonieta Trueba. |
| 250 | _a4a ed. | ||
| 260 |
_aMéxico : _bCasa Juan Pablos, _c2000. |
||
| 300 | _a319 p. | ||
| 534 |
_pTraducción de: _tJustine ou les malheures de la vertu |
||
| 650 | 2 |
_aLiteratura erótica _920788 |
|
| 650 | 0 |
_aLiteratura francesa _95152 |
|
| 905 | _aLibro | ||
| 999 |
_c99954 _d99954 |
||